[Event "Women's Speed Chess Q2"]
[Site "chess.com INT"]
[Date "2020.06.19"]
[Round "4"]
[White "Zawadzka, Jolanta"]
[Black "Yu, Jennifer"]
[Result "1-0"]
[WhiteTitle "WGM"]
[BlackTitle "FM"]
[WhiteElo "2419"]
[BlackElo "2315"]
[WhiteFideId "1122320"]
[BlackFideId "2078341"]
[EventDate "2020.06.19"]

1. e4 g6 2. d4 Bg7 3. Nc3 d6 4. Be3 a6 5. Qd2 b5 6. Bd3 Nd7 7. Nf3 Bb7 8. O-O c5
9. dxc5 dxc5 10. Rfd1 Qc7 11. Rab1 Rd8 12. a4 Ne5 13. Nxe5 Bxe5 14. f4 Bg7 15.
Qf2 Bd4 16. axb5 Qb6 17. bxa6 Ba8 18. Bb5+ Kf8 19. Bc4 Nf6 20. Bxd4 cxd4 21. Nd5
Qc5 22. Nxf6 Qxc4 23. Nd5 Bxd5 24. exd5 Qxd5 25. b4 Kg7 26. b5 Qc4 27. a7 Rd7
28. b6 Qa6 29. Rxd4 Rhd8 30. Rxd7 Rxd7 31. Qc5 Qa2 32. Qc3+ f6 33. Qb3 Qa6 34.
Kh1 Rb7 35. h3 Qa5 36. Qe6 Qa6 37. Qc6 1-0

[Event "Women's Speed Chess Q2"]
[Site "chess.com INT"]
[Date "2020.06.19"]
[Round "4"]
[White "Pena Gonzalez, Clara Isabel"]
[Black "Alexanian, Nelli"]
[Result "0-1"]
[WhiteTitle "WCM"]
[BlackTitle "WIM"]
[WhiteElo "1812"]
[BlackElo "1986"]
[WhiteFideId "3924203"]
[BlackFideId "4170539"]
[EventDate "2020.06.19"]

1. e4 e6 2. d4 d5 3. Nd2 a5 4. Bd3 Nf6 5. e5 Nfd7 6. Ne2 c5 7. c3 Nc6 8. Nf3
cxd4 9. cxd4 Bb4+ 10. Bd2 Qb6 11. O-O f5 12. exf6 Nxf6 13. a3 Bd6 14. Bf4 Bxf4
15. Nxf4 Qxb2 16. Re1 O-O 17. Nxe6 Bxe6 18. Rxe6 Ng4 19. Qe1 Nxd4 20. Nxd4 Qxd4
21. Rd1 Qxf2+ 22. Qxf2 Nxf2 23. Rd2 Nxd3 24. Rxd3 Rac8 25. h3 Rc5 0-1

[Event "Women's Speed Chess Q2"]
[Site "chess.com INT"]
[Date "2020.06.19"]
[Round "4"]
[White "Girya, Olga"]
[Black "Linares Napoles, Oleiny"]
[Result "1-0"]
[WhiteTitle "WGM"]
[BlackTitle "WGM"]
[WhiteElo "2469"]
[BlackElo "2215"]
[WhiteFideId "4195752"]
[BlackFideId "3504794"]
[EventDate "2020.06.19"]

1. d4 Nf6 2. Nf3 e6 3. c4 c5 4. d5 exd5 5. cxd5 d6 6. Nc3 g6 7. e4 Bg7 8. h3 O-O
9. Bd3 a6 10. a4 Re8 11. O-O c4 12. Bxc4 Nxe4 13. Nxe4 Rxe4 14. Bg5 Bf6 15. Nd2
Re5 16. f4 Re8 17. Re1 Bxg5 18. fxg5 Bf5 19. g4 Bd7 20. Ne4 Qb6+ 21. Kg2 Kf8 22.
Qd2 a5 23. Qc3 Re5 24. Nf6 Na6 25. Nxd7+ 1-0

[Event "Women's Speed Chess Q2"]
[Site "chess.com INT"]
[Date "2020.06.19"]
[Round "4"]
[White "Ovezdurdiyeva, Jemal"]
[Black "Morris-Suzuki, Sophie"]
[Result "0-1"]
[WhiteTitle "WFM"]
[BlackTitle "WFM"]
[WhiteElo "2061"]
[BlackElo "2043"]
[WhiteFideId "14001888"]
[BlackFideId "30922615"]
[EventDate "2020.06.19"]

1. d4 d5 2. c4 dxc4 3. Nc3 a6 4. a4 Nc6 5. e3 Na5 6. Nf3 Bg4 7. Be2 e6 8. O-O
Nf6 9. Nd2 Bxe2 10. Qxe2 Nb3 11. Nxb3 cxb3 12. Qc4 Bd6 13. Qxb3 Qc8 14. e4 e5
15. Bg5 Nd7 16. dxe5 Bxe5 17. Nd5 h6 18. Be3 c6 19. f4 Bd6 20. e5 Bb8 21. Nc3
O-O 22. Rad1 b5 23. Ne4 Bc7 24. e6 Nb6 25. exf7+ Kh8 26. Bd4 bxa4 27. Qa2 Qf5
28. Bxb6 Bxb6+ 29. Nf2 Qxf4 30. Kh1 Bxf2 31. Rd2 Qxd2 0-1

[Event "Women's Speed Chess Q2"]
[Site "chess.com INT"]
[Date "2020.06.19"]
[Round "4"]
[White "Thipsay, Bagyashree Sathe"]
[Black "Rakhmangulova, Anastasiya"]
[Result "0-1"]
[WhiteTitle "WIM"]
[BlackTitle "WIM"]
[WhiteElo "2072"]
[BlackElo "2191"]
[WhiteFideId "5001013"]
[BlackFideId "14117479"]
[EventDate "2020.06.19"]

1. e4 d5 2. exd5 Qxd5 3. Nc3 Qd6 4. d4 Nf6 5. Bd3 Bg4 6. Nge2 Nc6 7. f3 Bh5 8.
Bf4 Qd7 9. Bb5 O-O-O 10. Qd2 a6 11. Ba4 e6 12. O-O-O Bb4 13. Qe3 Bg6 14. Be5
Rhe8 15. Nf4 Nd5 16. Ncxd5 exd5 17. Nxg6 hxg6 18. Bxc6 Qxc6 19. Qb3 Bf8 20. Rhe1
g5 21. Bg3 f6 22. Qd3 Qd7 23. Qg6 a5 24. c3 a4 25. Kd2 Qb5 26. Kc2 Qc6 0-1

[Event "Women's Speed Chess Q2"]
[Site "chess.com INT"]
[Date "2020.06.19"]
[Round "4"]
[White "Munkhzul, Turmunkh"]
[Black "Tokhirjonova, Gulrukhbegim"]
[Result "1-0"]
[WhiteTitle "WIM"]
[BlackTitle "WGM"]
[WhiteElo "2278"]
[BlackElo "2378"]
[WhiteFideId "4901878"]
[BlackFideId "14203626"]
[EventDate "2020.06.19"]

1. e4 e5 2. Nf3 Nc6 3. Bb5 a6 4. Ba4 Nf6 5. O-O Nxe4 6. d4 b5 7. Bb3 d5 8. dxe5
Be6 9. Nbd2 Be7 10. c3 Nc5 11. Bc2 d4 12. Nb3 d3 13. Bb1 Nxb3 14. axb3 Bf5 15.
Be3 O-O 16. Bd4 Nxd4 17. Nxd4 Bg6 18. Bxd3 Bxd3 19. Nc6 Qd7 20. Nxe7+ Qxe7 21.
Qxd3 Qxe5 22. Rfe1 Qf6 23. Qd7 Qd6 24. Qxd6 cxd6 25. Red1 Rfd8 26. Rd5 Kf8 27.
b4 Ke7 28. f3 g6 29. Kf2 f5 30. Ke3 Kd7 31. Kf4 Ke6 32. Rd2 h6 33. h4 Ra7 34.
Re1+ Kf6 35. Rd5 g5+ 36. hxg5+ hxg5+ 37. Kg3 Rh7 38. Ra1 Ra7 39. Rxb5 axb5 40.
Rxa7 Re8 41. Ra6 Re2 42. Rxd6+ Ke5 43. Rb6 f4+ 44. Kh3 Rxb2 45. Rxb5+ Kf6 46.
Rc5 Rb1 47. Kh2 Kg6 48. b5 Kh5 49. c4 Kh4 50. Rc8 Kh5 51. Rh8+ Kg6 52. Rb8 Rc1
53. Rc8 Rb1 54. Rc6+ Kh5 55. b6 Rb2 56. c5 g4 57. fxg4+ Kxg4 58. Rg6+ Kf5 59.
Rg8 Ke5 60. c6 f3 61. c7 1-0

[Event "Women's Speed Chess Q2"]
[Site "chess.com INT"]
[Date "2020.06.19"]
[Round "4"]
[White "Swati, Mohota"]
[Black "Dauletova, Gulmira"]
[Result "1-0"]
[WhiteTitle "WFM"]
[BlackTitle "WIM"]
[WhiteElo "2027"]
[BlackElo "2319"]
[WhiteFideId "5006511"]
[BlackFideId "13702971"]
[EventDate "2020.06.19"]

1. d4 Nf6 2. c4 e6 3. Bg5 h6 4. Bh4 c5 5. e3 Qb6 6. Bxf6 Qxb2 7. d5 Qxf6 8. Nd2
Be7 9. d6 Bd8 10. Ne4 Qe5 11. Bd3 Ba5+ 12. Ke2 Nc6 13. Nf3 Qh5 14. Ng3 Qg4 15.
h3 Nd4+ 16. Kf1 Qxg3 17. fxg3 Nc6 18. Qc2 O-O 19. a3 f5 20. Ke2 Bd8 21. Rhf1 Bf6
22. Rab1 b6 23. Nh4 Bb7 24. Ng6 Rfe8 25. g4 fxg4 26. hxg4 Ne5 27. Nxe5 Bxe5 28.
Be4 Bxe4 29. Qxe4 Bxd6 30. Qg6 Rf8 31. Rxf8+ Rxf8 32. Rf1 Rxf1 33. Kxf1 Be7 34.
Qe8+ Bf8 35. Qxd7 e5 36. Qxa7 e4 37. Qxb6 1-0

[Event "Women's Speed Chess Q2"]
[Site "chess.com INT"]
[Date "2020.06.19"]
[Round "4"]
[White "Kaya, Emel"]
[Black "Smietanska, Wiktoria"]
[Result "1-0"]
[WhiteTitle "WCM"]
[BlackTitle "CM"]
[WhiteElo "1912"]
[BlackElo "1593"]
[WhiteFideId "6306411"]
[BlackFideId "21869359"]
[EventDate "2020.06.19"]

1. e4 c5 2. Nf3 g6 3. d4 cxd4 4. Qxd4 Nf6 5. e5 Nc6 6. Qa4 Nd5 7. Qe4 Ndb4 8.
Na3 d5 9. exd6 Qxd6 10. Bb5 Bf5 11. Qc4 Bg7 12. O-O Be6 13. Qh4 O-O 14. Bf4 Qc5
15. c3 Nd5 16. Bh6 Bf6 17. Ng5 Rfd8 18. Nxe6 fxe6 19. Bg5 a6 20. Bxc6 Qxc6 21.
c4 Bxg5 22. Qxg5 Nf6 23. Rad1 Kg7 24. Qe5 Rxd1 25. Rxd1 Qa4 26. Re1 Kg8 27.
Qxe6+ Kh8 28. Qxe7 Nh5 29. b3 Qxa3 30. Qxa3 1-0

[Event "Women's Speed Chess Q2"]
[Site "chess.com INT"]
[Date "2020.06.19"]
[Round "4"]
[White "Papp, Petra"]
[Black "Sukandar, Irine Kharisma"]
[Result "1-0"]
[WhiteTitle "WGM"]
[BlackTitle "IM"]
[WhiteElo "2338"]
[BlackElo "2413"]
[WhiteFideId "739049"]
[BlackFideId "7101937"]
[EventDate "2020.06.19"]

1. e4 c5 2. Nf3 Nc6 3. Nc3 g6 4. d4 cxd4 5. Nxd4 Bg7 6. Be3 Nf6 7. Bc4 O-O 8.
Bb3 Re8 9. f3 e6 10. f4 d5 11. e5 Nd7 12. O-O Na5 13. Kh1 Nxb3 14. axb3 a6 15.
Qe1 f6 16. exf6 Nxf6 17. Nf3 Qd6 18. Ne5 Nd7 19. Bd4 Nxe5 20. fxe5 Qe7 21. Na4
Bd7 22. Bc5 Qg5 23. Nb6 Rad8 24. Qf2 Bb5 25. Qf7+ Kh8 26. c4 dxc4 27. Nxc4 Bxc4
28. bxc4 Qxe5 29. Be7 Rc8 30. Rae1 Qxb2 31. Rxe6 Rf8 32. Bxf8 Rxf8 33. Re8 1-0

[Event "Women's Speed Chess Q2"]
[Site "chess.com INT"]
[Date "2020.06.19"]
[Round "4"]
[White "Tarleva, Vira"]
[Black "Li, Xueyi"]
[Result "0-1"]
[WhiteTitle "WFM"]
[BlackTitle "WGM"]
[WhiteElo "2030"]
[BlackElo "2328"]
[WhiteFideId "14116693"]
[BlackFideId "8605912"]
[EventDate "2020.06.19"]

1. e4 c6 2. d4 d5 3. e5 Bf5 4. Nf3 e6 5. Be2 Ne7 6. O-O c5 7. c3 Nd7 8. Be3 Nc6
9. Nbd2 Be7 10. Rc1 O-O 11. c4 cxd4 12. Nxd4 Ndxe5 13. Nxf5 exf5 14. cxd5 Qxd5
15. Qc2 g6 16. Rfd1 Rfd8 17. Nb3 Qe4 18. Nc5 Qxc2 19. Rxc2 Rxd1+ 20. Bxd1 b6 21.
Nb3 Rd8 22. Be2 Bf8 23. f4 Nb4 24. Rc7 Ng4 25. Bxg4 fxg4 26. Rxa7 Rd1+ 27. Kf2
Rb1 28. Bd4 Nc6 29. Bc3 Nxa7 0-1

[Event "Women's Speed Chess Q2"]
[Site "chess.com INT"]
[Date "2020.06.19"]
[Round "4"]
[White "Perez Rodriguez, Jennifer"]
[Black "Limontaite, Simona"]
[Result "1-0"]
[WhiteTitle "WIM"]
[BlackTitle "WIM"]
[WhiteElo "2251"]
[BlackElo "2171"]
[WhiteFideId "3507831"]
[BlackFideId "12802506"]
[EventDate "2020.06.19"]

1. e4 c5 2. c3 d5 3. exd5 Qxd5 4. d4 Nf6 5. Nf3 Bg4 6. Nbd2 e6 7. Bc4 Qd6 8. Qb3
Qc7 9. Ne5 Bh5 10. Ndf3 Bd6 11. Bb5+ Nfd7 12. Qa4 Bxf3 13. Nxf3 O-O 14. O-O a6
15. Bd3 Nc6 16. Qc2 h6 17. Qe2 cxd4 18. cxd4 Nf6 19. a3 Rfd8 20. h3 Bf4 21. Be3
Bxe3 22. fxe3 e5 23. Rac1 Qe7 24. Rxc6 bxc6 25. Nxe5 Qd6 26. Bc4 Ra7 27. Bxa6 c5
28. Bc4 cxd4 29. exd4 Qxd4+ 30. Kh1 Rc7 31. b3 Re8 32. Re1 Rc5 33. Bxf7+ Kf8 34.
Bxe8 Nxe8 35. Ng6+ 1-0

[Event "Women's Speed Chess Q2"]
[Site "chess.com INT"]
[Date "2020.06.19"]
[Round "4"]
[White "Maklakova, Nellija"]
[Black "Munkhzul, Davaakhuu"]
[Result "1-0"]
[BlackTitle "WFM"]
[WhiteElo "1833"]
[BlackElo "1991"]
[WhiteFideId "11603470"]
[BlackFideId "4902815"]
[EventDate "2020.06.19"]

1. e4 e5 2. Nf3 Nc6 3. Bc4 Bc5 4. d4 Bxd4 5. c3 Bb6 6. O-O Nf6 7. Bg5 O-O 8.
Nbd2 d6 9. h3 h6 10. Bh4 g5 11. Bg3 Ne7 12. a4 a5 13. b4 Ng6 14. Qb3 axb4 15.
cxb4 g4 16. hxg4 Bxg4 17. a5 Ba7 18. b5 Bc5 19. Nh4 Kg7 20. Nf5+ Bxf5 21. exf5
Ne7 22. Qf3 d5 23. Bxe5 dxc4 24. Bxf6+ Kxf6 25. Ne4+ Kg7 26. f6+ Kh8 27. Nxc5
Ng6 28. Nxb7 Rg8 29. Nxd8 1-0

[Event "Women's Speed Chess Q2"]
[Site "chess.com INT"]
[Date "2020.06.19"]
[Round "4"]
[White "Lee, Dariya"]
[Black "Berdychevskaya, Natasha"]
[Result "1-0"]
[WhiteTitle "WCM"]
[BlackTitle "WFM"]
[WhiteElo "1523"]
[BlackElo "2208"]
[WhiteFideId "13801651"]
[BlackFideId "4159322"]
[EventDate "2020.06.19"]

1. c4 e5 2. Nc3 Nf6 3. g3 d5 4. cxd5 Nxd5 5. Bg2 Nb6 6. Nf3 Nc6 7. d3 Be7 8. O-O
O-O 9. a3 Be6 10. b4 f6 11. Bb2 Nd4 12. Nxd4 exd4 13. Ne4 a5 14. b5 a4 15. Rc1
Bd5 16. Qc2 f5 17. Nc5 Bxg2 18. Kxg2 Qd5+ 19. Kg1 Rfe8 20. e3 dxe3 21. fxe3 Bg5
22. Qc3 Bxe3+ 23. Rf2 Bxf2+ 24. Kxf2 Re7 25. Re1 Rae8 26. Ne6 Qd7 27. Nxg7 Rxe1
28. Nh5 R8e2+ 29. Kf3 Qd5+ 30. Kf4 Rf2+ 31. Kg5 Qd8+ 32. Nf6+ Kf7 33. Qc4+ Kg7
34. Qh4 1-0

[Event "Women's Speed Chess Q2"]
[Site "chess.com INT"]
[Date "2020.06.19"]
[Round "4"]
[White "Shuvalova, Polina"]
[Black "Mammadzada, Gunay"]
[Result "1-0"]
[WhiteTitle "WGM"]
[BlackTitle "IM"]
[WhiteElo "2454"]
[BlackElo "2443"]
[WhiteFideId "24171760"]
[BlackFideId "13403729"]
[EventDate "2020.06.19"]

1. e4 c5 2. Nf3 d6 3. Bb5+ Nd7 4. Ba4 Nf6 5. O-O g6 6. Re1 Bg7 7. c3 a6 8. d4 b5
9. Bc2 cxd4 10. cxd4 Bb7 11. a4 O-O 12. Bd3 b4 13. a5 e6 14. Nbd2 Qe7 15. Qe2
Rfc8 16. b3 d5 17. e5 Ne8 18. Nf1 Nc7 19. Bd2 Rab8 20. h4 Nb5 21. Bxb5 axb5 22.
Ne3 h5 23. Rec1 Ba6 24. Nc2 Qd8 25. Nxb4 Rxc1+ 26. Rxc1 Bb7 27. Qxb5 Ba8 28. Qd3
Bf8 29. Na6 Rc8 30. Rxc8 Qxc8 31. b4 Bb7 32. b5 Be7 33. g3 Nf8 34. Kg2 Nd7 35.
Bb4 Bxb4 36. Nxb4 Qc4 37. Qxc4 dxc4 38. Nc6 c3 39. Ne1 Nb8 40. d5 exd5 41. Nxb8 1-0

[Event "Women's Speed Chess Q2"]
[Site "chess.com INT"]
[Date "2020.06.19"]
[Round "4"]
[White "Sebag, Marie"]
[Black "Zhuravleva, Olga"]
[Result "1-0"]
[WhiteTitle "GM"]
[BlackTitle "WIM"]
[WhiteElo "2438"]
[BlackElo "2278"]
[WhiteFideId "617822"]
[BlackFideId "4145933"]
[EventDate "2020.06.19"]

1. e4 e5 2. Nf3 Nc6 3. Bb5 f5 4. d3 Nf6 5. O-O Bc5 6. c3 Bb6 7. exf5 O-O 8. d4
exd4 9. cxd4 d5 10. Nc3 Bxf5 11. Na4 Bg4 12. Nxb6 axb6 13. Be2 Ne4 14. Be3 Qf6
15. h3 Be6 16. a3 Kh8 17. Rc1 Rae8 18. Nd2 Nd6 19. Nf3 Ne4 20. b4 b5 21. Bxb5
Bxh3 22. gxh3 Qxf3 23. Qxf3 Rxf3 24. Bxc6 bxc6 25. Rxc6 Rxh3 26. Rxc7 h6 27.
Rfc1 Re6 28. R1c6 Rxc6 29. Rxc6 Rh4 30. a4 Rg4+ 31. Kf1 Ng5 32. a5 Nf3 33. a6
Nxd4 34. Bxd4 Rxd4 35. a7 Rd1+ 36. Ke2 Ra1 37. Rc8+ 1-0

[Event "Women's Speed Chess Q2"]
[Site "chess.com INT"]
[Date "2020.06.19"]
[Round "4"]
[White "Chitlange, Sakshi"]
[Black "Alboredo, Julia"]
[Result "1-0"]
[WhiteTitle "WIM"]
[BlackTitle "WFM"]
[WhiteElo "2167"]
[BlackElo "2182"]
[WhiteFideId "35002899"]
[BlackFideId "2124807"]
[EventDate "2020.06.19"]

1. d4 Nf6 2. Bg5 d5 3. Nd2 c5 4. Bxf6 gxf6 5. e3 Nc6 6. Ngf3 Rg8 7. c3 e5 8. g3
exd4 9. cxd4 Qa5 10. dxc5 Bxc5 11. Qc2 Bb4 12. Bg2 Bg4 13. O-O O-O-O 14. Nb3 Qb6
15. a3 Be7 16. Nbd4 Kb8 17. Nxc6+ Qxc6 18. Qd3 Rc8 19. Nd4 Qb6 20. Bxd5 Rgd8 21.
Qe4 f5 22. Nxf5 Bxf5 23. Qxf5 Rc5 24. e4 Rc2 25. Rac1 Qxb2 26. Rxc2 Qxc2 27.
Qe5+ Bd6 28. Qf6 Bxa3 29. Qxd8+ 1-0

[Event "Women's Speed Chess Q2"]
[Site "chess.com INT"]
[Date "2020.06.19"]
[Round "4"]
[White "Vifleemskaia, Svetlana"]
[Black "Tsukerman, Julia"]
[Result "1/2-1/2"]
[WhiteTitle "WFM"]
[BlackTitle "WCM"]
[WhiteElo "1943"]
[BlackElo "1523"]
[WhiteFideId "4129490"]
[BlackFideId "2621649"]
[EventDate "2020.06.19"]

1. d4 Nf6 2. c4 e6 3. Nc3 d5 4. cxd5 exd5 5. Bg5 Be7 6. e3 Nbd7 7. Bd3 c6 8.
Nge2 Nh5 9. Bxe7 Qxe7 10. Qc2 g6 11. O-O-O Nb6 12. Kb1 Bd7 13. h3 O-O-O 14. g4
Ng7 15. Nf4 Kb8 16. a4 f5 17. a5 Nc8 18. Rhg1 Nd6 19. Qb3 Ka8 20. Na4 Bc8 21.
Nc5 Ne4 22. Bxe4 fxe4 23. Qc3 Ne6 24. Nfxe6 Bxe6 25. a6 b6 26. Nxe6 Qxe6 27. Rc1
Rc8 28. Rc2 h5 29. Qb4 Rc7 30. Qd2 hxg4 31. hxg4 Rf8 32. g5 Rfc8 33. Qe2 c5 34.
Rgc1 Qd6 35. f4 cxd4 36. exd4 Qxf4 37. Rxc7 Rxc7 38. Rxc7 Qxc7 39. Qf2 Qd8 40.
Qf7 Qc8 41. Qxd5+ Kb8 42. Qd6+ Ka8 43. Qd5+ Kb8 44. Qd6+ Ka8 45. Qd5+ 1/2-1/2

[Event "Women's Speed Chess Q2"]
[Site "chess.com INT"]
[Date "2020.06.19"]
[Round "4"]
[White "Franco Valencia, Angela"]
[Black "Kubicka, Anna"]
[Result "0-1"]
[WhiteTitle "WIM"]
[BlackTitle "WIM"]
[WhiteElo "2089"]
[BlackElo "2256"]
[WhiteFideId "4403070"]
[BlackFideId "1152254"]
[EventDate "2020.06.19"]

1. e4 c5 2. Nf3 d6 3. d4 cxd4 4. Nxd4 Nf6 5. Nc3 a6 6. g3 e5 7. Nde2 Be7 8. a4
O-O 9. Bg2 Be6 10. h3 Nbd7 11. g4 Nc5 12. Ng3 Qc7 13. g5 Nfd7 14. Nf5 Rfe8 15.
Bd2 Nb6 16. Nxe7+ Qxe7 17. Nd5 Bxd5 18. exd5 Rac8 19. O-O Ncxa4 20. b3 Nc5 21.
c4 Nbd7 22. b4 Nd3 23. Qb3 Nf4 24. Rfe1 Qxg5 25. Qf3 Rxc4 26. Rac1 Rxc1 27. Rxc1
h6 28. Re1 Nf6 29. Kh2 Qxg2+ 30. Qxg2 Nxg2 31. Kxg2 Nxd5 32. b5 axb5 33. Rb1 b4
34. Bxb4 Nxb4 35. Rxb4 Re7 36. Kf3 f5 37. Ke3 Kf7 38. Rb6 Ke6 39. f4 exf4+ 40.
Kxf4 g5+ 41. Ke3 Ke5 42. Rb1 h5 43. Rg1 f4+ 44. Kf3 Kf5 45. Rd1 g4+ 46. hxg4+
hxg4+ 47. Kf2 Re6 48. Rb1 g3+ 49. Kg2 Kg4 50. Rb4 Re2+ 51. Kf1 Rd2 52. Rxb7 f3
53. Rg7+ Kf4 54. Rf7+ Ke4 55. Re7+ Kd3 56. Re1 g2+ 57. Kg1 f2+ 58. Kh2 fxe1=Q
59. Kh3 Qe3+ 60. Kh2 g1=Q# 0-1

[Event "Women's Speed Chess Q2"]
[Site "chess.com INT"]
[Date "2020.06.19"]
[Round "4"]
[White "Vaishali, R"]
[Black "Sargsyan, Anna M."]
[Result "1-0"]
[WhiteTitle "WGM"]
[BlackTitle "WGM"]
[WhiteElo "2393"]
[BlackElo "2405"]
[WhiteFideId "5091756"]
[BlackFideId "13308130"]
[EventDate "2020.06.19"]

1. e4 c6 2. d4 d5 3. Nc3 dxe4 4. Nxe4 Bf5 5. Qf3 e6 6. Ne2 Nd7 7. N2g3 Bg6 8. h4
Ngf6 9. Nxf6+ Nxf6 10. c3 h6 11. h5 Bh7 12. Bc4 Be7 13. Bb3 O-O 14. Bf4 a5 15.
O-O a4 16. Bc4 Bd6 17. a3 Bxf4 18. Qxf4 Nd5 19. Bxd5 Qxd5 20. Rfe1 Qb3 21. Re2
Ra5 22. Rae1 Rb5 23. f3 Qa2 24. Qc1 Rg5 25. b4 Qc4 26. Kh2 f5 27. Qf4 Qxc3 28.
Rxe6 Qxa3 29. d5 cxd5 30. Re8 Rxe8 31. Rxe8+ Kf7 32. Qe5 Qxb4 1-0

[Event "Women's Speed Chess Q2"]
[Site "chess.com INT"]
[Date "2020.06.19"]
[Round "4"]
[White "Starosta, Martyna"]
[Black "Monteiro, Sara Cristina da Silva"]
[Result "1-0"]
[WhiteTitle "WCM"]
[BlackTitle "WCM"]
[WhiteElo "2079"]
[BlackElo "1709"]
[WhiteFideId "21818754"]
[BlackFideId "1909860"]
[EventDate "2020.06.19"]

1. e4 d5 2. exd5 Qxd5 3. Nc3 Qa5 4. d4 e5 5. dxe5 Bb4 6. Bd2 Nc6 7. a3 Nd4 8.
Nge2 Nxe2 9. Qxe2 Be7 10. g3 Bf5 11. Bg2 O-O-O 12. O-O f6 13. exf6 Bxf6 14. Rfd1
Ne7 15. Nb5 Qb6 16. Be3 c5 17. a4 Nc6 18. a5 Nxa5 19. Rxa5 Qxa5 20. Nd6+ Rxd6
21. Rxd6 Rd8 22. Rxd8+ Bxd8 23. Bxb7+ Kxb7 24. Qf3+ Ka6 25. Qxf5 Qe1+ 26. Kg2
Bb6 27. Qc8+ Ka5 28. Bxc5 Qe4+ 29. Kg1 Qe1+ 30. Kg2 Qe4+ 31. Kh3 g5 32. Bxb6+
axb6 33. Qc3+ Ka6 34. Qd3+ Qxd3 35. cxd3 Kb5 36. Kg4 Kc5 37. Kxg5 Kd4 38. f4
Kxd3 39. f5 Kc2 40. f6 Kxb2 41. f7 Ka2 42. f8=Q b5 43. Qb4 1-0

[Event "Women's Speed Chess Q2"]
[Site "chess.com INT"]
[Date "2020.06.19"]
[Round "4"]
[White "Filippova, Margarita"]
[Black "Hryzlova, Sofiia"]
[Result "1-0"]
[WhiteTitle "WFM"]
[WhiteElo "1931"]
[BlackElo "1940"]
[WhiteFideId "34199680"]
[BlackFideId "14174669"]
[EventDate "2020.06.19"]

1. d4 Nf6 2. Nf3 e6 3. Bg5 h6 4. Bh4 d5 5. e3 g5 6. Bg3 Ne4 7. Bd3 Nxg3 8. hxg3
Bg7 9. Nbd2 Nd7 10. c3 c5 11. e4 dxe4 12. Nxe4 cxd4 13. cxd4 Nf6 14. Ne5 Nxe4
15. Bxe4 Bxe5 16. dxe5 Qa5+ 17. Kf1 Qxe5 18. Bf3 Bd7 19. Kg1 Rd8 20. Rc1 Kf8 21.
Qb3 b6 22. Qa3+ Kg7 23. Qxa7 Qxb2 24. Rc7 Qd4 25. Kh2 Qa4 26. Qxb6 Rhf8 27. Rd1
Bb5 28. Rxd8 Rxd8 29. Rxf7+ Kxf7 30. Qxd8 Qxa2 31. Bh5+ Kg7 32. Qe7+ Kg8 33.
Qf7+ Kh8 34. Qf6+ Kg8 35. Bf7+ Kf8 36. Bxe6+ 1-0

[Event "Women's Speed Chess Q2"]
[Site "chess.com INT"]
[Date "2020.06.19"]
[Round "4"]
[White "Bogumil, Tatiana"]
[Black "Mikheeva, Galina"]
[Result "1-0"]
[WhiteTitle "WGM"]
[BlackTitle "WFM"]
[WhiteElo "2182"]
[BlackElo "1901"]
[WhiteFideId "4110579"]
[BlackFideId "44108320"]
[EventDate "2020.06.19"]

1. Nf3 Nf6 2. c4 e6 3. b3 d5 4. Bb2 b6 5. g3 Bb7 6. Bg2 Nbd7 7. O-O Be7 8. d4
O-O 9. Nc3 c5 10. cxd5 Nxd5 11. Re1 Bf6 12. e4 Nxc3 13. Bxc3 cxd4 14. Nxd4 Ne5
15. f4 Ng6 16. Rc1 Rc8 17. Ne2 Qxd1 18. Rexd1 Bxc3 19. Rxc3 Rxc3 20. Nxc3 Bc6
21. Kf2 e5 22. Rd6 Rc8 23. Ke3 f6 24. Bh3 Rc7 25. Be6+ Kf8 26. f5 Ne7 27. Bc4
Be8 28. a4 Rd7 29. Nb5 Rxd6 30. Nxd6 Bc6 31. g4 a5 32. h4 1-0

[Event "Women's Speed Chess Q2"]
[Site "chess.com INT"]
[Date "2020.06.19"]
[Round "4"]
[White "Vovk, Anastasiia"]
[Black "Gaponenko, Inna"]
[Result "0-1"]
[WhiteTitle "WGM"]
[BlackTitle "IM"]
[WhiteElo "2076"]
[BlackElo "2396"]
[WhiteFideId "14110563"]
[BlackFideId "14101181"]
[EventDate "2020.06.19"]

1. e4 g6 2. d4 Bg7 3. Nf3 d6 4. h3 Nf6 5. Nc3 O-O 6. Be2 c5 7. Be3 cxd4 8. Nxd4
Nc6 9. O-O d5 10. exd5 Nb4 11. a3 Nbxd5 12. Nxd5 Nxd5 13. Bg5 h6 14. Bh4 g5 15.
Bg3 Qb6 16. Nb3 Rd8 17. Qc1 Bf5 18. Bg4 Bg6 19. Bf3 Rac8 20. Bxd5 Rxd5 21. Qe3
Qxe3 22. fxe3 Rxc2 23. Nd4 Rxb2 24. Rac1 Be4 25. Rc8+ Kh7 26. Rxf7 Rxg2+ 27. Kf1
Rxg3 28. Rxe7 Bf5 29. Rcc7 Bxh3+ 30. Kf2 Rg2+ 31. Kf3 Kg6 32. Rxg7+ Kh5 33. Ne2
Rf5+ 34. Ke4 Rxe2 35. Rh7 Rf6 36. Rxb7 Bf5+ 37. Ke5 Bxh7 38. Kxf6 Be4 39. Rxa7
Rxe3 40. a4 g4 41. a5 g3 42. a6 Ra3 43. Rg7 Rxa6+ 44. Ke5 Bg6 45. Kf4 g2 0-1

[Event "Women's Speed Chess Q2"]
[Site "chess.com INT"]
[Date "2020.06.19"]
[Round "4"]
[White "Gunina, Valentina"]
[Black "Kiolbasa, Oliwia"]
[Result "1/2-1/2"]
[WhiteTitle "GM"]
[BlackTitle "WIM"]
[WhiteElo "2431"]
[BlackElo "2160"]
[WhiteFideId "4167570"]
[BlackFideId "1154613"]
[EventDate "2020.06.19"]

1. e4 e5 2. Nf3 Nc6 3. Bc4 Bc5 4. c3 Nf6 5. d4 exd4 6. e5 d5 7. Bb5 Ne4 8. cxd4
Bb6 9. Nc3 O-O 10. Be3 Bg4 11. h3 Bh5 12. Qc2 Nxc3 13. bxc3 f6 14. exf6 Qxf6 15.
Bd3 Bg6 16. Bxg6 Qxg6 17. Qxg6 hxg6 18. O-O Rae8 19. Rac1 Na5 20. Nd2 c6 21.
Rfe1 Bc7 22. Bg5 b5 23. Be7 Rf7 24. Bb4 Rxe1+ 25. Rxe1 Nc4 26. Nxc4 dxc4 27. Re6
a5 28. Bc5 Rf6 29. Re8+ Kh7 30. Kf1 Bd6 31. Bxd6 Rxd6 32. Ke2 b4 33. Kd2 c5 34.
Re4 cxd4 35. cxd4 c3+ 36. Kc2 Kg8 37. f3 Kf7 38. g4 Re6 39. g5 Rxe4 40. fxe4 Ke6
41. Kb3 Kd6 42. Kc2 Ke6 43. Kd3 Kd6 44. Kc2 Ke6 1/2-1/2